Регионална библиотека "Любен Каравелов" - Русе

Долината на Ломовете [видео DVD] (Запис номер 223476)

MARC детайли
000 -Лидер
Лидер 03679ngm a2200673 a 4500
003 - Код на организацията, давaща контролен номер
Код на организацията, даваща контролен номер BLK
005 - Дата и час на последна редакция
Дата и час на последна редакция 20240531114527.0
008 - Елементи от данни с фиксирана дължина
Елементи с фиксирана дължина 180410b bul||n||s|||||||| mlbulo|
010 ## - Наследен системен номер
LC control number CDD00005203000
040 ## - Източник на каталожния запис
Код на библиотеката BLK
041 ## - Код за език
Език Български
Език за КДБФ Български
072 #7 - Код за тематичната категория
Код организация bullib
Код за тематична категория Ф0602
Текст Документални филми Ф
072 #7 - Код за тематичната категория
Код организация bullib
Код за тематична категория К
Текст Краезнание
080 ## - УДК
УДК текст Природа. Изучаване и опазване на природната среда. Опазване на растителния и животинския свят. Вж и 55/59
УДК код 502
УДК – определител (497.2-2)(086.8)
УДК – код + определител 502(497.2-2)(086.8)
080 ## - УДК
УДК текст Резервати и други защитени територии (в цялост) и тяхната организация - Геологически, географски и ландшафтни резервати вж 502.6 ; Резервати на живата природа вж 502.7; Ловни територии вж 639.1
УДК код 502.4
УДК – определител (497.2-2)(086.8)
УДК – код + определител 502.4(497.2-2)(086.8)
080 ## - УДК
УДК текст Християнски монашески ордени. Манастири. Монаси. Отшелници
УДК код 27-788
УДК – определител (497.2-2)(086.8)
УДК – код + определител 27-788(497.2-2)(086.8)
080 ## - УДК
УДК текст Паметници на културата на историческите периоди. Археологическите паметници. Старини
УДК код 904
УДК – определител (497.2-2)(086.8)
УДК – код + определител 904(497.2-2)(086.8)
080 ## - УДК
УДК текст Документални филми
УДК код 791.229
УДК – код + определител (497.2-2)
УДК – определител 791.229(497.2-2)
245 10 - Сведения за заглавието
Заглавие Долината на Ломовете [видео DVD]
Авторска отговорност сценарист Емил Радев; режисьор Стилян Антонов; оператор Стилян Антонов.
257 ## - Страна на издаване
Страна на създаване/издаване България
260 ## - Област на издателските данни
Име на издателя Регион. телевизионен център
Година на издаване [2008]
Място на издаване Русе
300 ## - Физическа характеристика
Брой дискове, общо времетраене (1,04 GB)
Размер 12 см
380 ## - Жанр
Жанр Изкуство
490 ## - СЕРИИ (Колекции)
Серия Опознайте историята и забележителностите на родния край с филмите на РТВЦ - Русе
500 ## - Общи забележки
Обща забележка Дигитално изд.
650 #4 - Допълнително описание по предмет – тема
Предметна рубрика Природа - Русенски край
9 (RLIN) 354992
650 #4 - Допълнително описание по предмет – тема
Предметна рубрика Резервати - България
9 (RLIN) 246293
650 #4 - Допълнително описание по предмет – тема
Предметна рубрика Манастири - Русенски край - история
9 (RLIN) 271763
650 #4 - Допълнително описание по предмет – тема
Предметна рубрика Пещери - България
9 (RLIN) 166231
650 #4 - Допълнително описание по предмет – тема
Предметна рубрика Археологически паметници - Русенско
9 (RLIN) 292167
651 #4 - Допълнително описание по предмет - топоним
Географско понятие Русенски Лом
9 (RLIN) 179463
651 #4 - Допълнително описание по предмет - топоним
Географско понятие Русенско
9 (RLIN) 179464
651 #4 - Допълнително описание по предмет - топоним
Географско понятие България
9 (RLIN) 241624
651 #4 - Допълнително описание по предмет - топоним
Географско понятие Червен
9 (RLIN) 179772
651 #4 - Допълнително описание по предмет - топоним
Географско понятие Иваново
9 (RLIN) 178930
651 #4 - Допълнително описание по предмет - топоним
Географско понятие Басарбово
9 (RLIN) 178583
653 ## - Ключова дума – ненормативна
Ключови думи Поломие
653 ## - Ключова дума – ненормативна
Ключови думи природни забележителности
653 ## - Ключова дума – ненормативна
Ключови думи резервати
653 ## - Ключова дума – ненормативна
Ключови думи скални манастири
653 ## - Ключова дума – ненормативна
Ключови думи защитени местности
653 ## - Ключова дума – ненормативна
Ключови думи археологически паметници
653 ## - Ключова дума – ненормативна
Ключови думи пещери
653 ## - Ключова дума – ненормативна
Ключови думи Орлова чука
653 ## - Ключова дума – ненормативна
Ключови думи документални филми
659 ## - Тематичен бюлетин
Тематичен бюлетин К
659 ## - Тематичен бюлетин
Тематичен бюлетин Ф
700 ## - Други автори (авторска отговорност)
Друг автор Радев, Емил
Авт. отговорност на др. автор сценарист
9 (RLIN) 354984
Пълното име на др. автор Енчев, Емил Радев
700 1# - Други автори (авторска отговорност)
Друг автор Антонов, Стилян
Авт. отговорност на др. автор режисьор
9 (RLIN) 387874
700 1# - Други автори (авторска отговорност)
Друг автор Антонов, Стилян
Авт. отговорност на др. автор оператор
9 (RLIN) 387874
852 ## - Местоположение
Сигнатура (форматна) Цб CD 2996
Част 0
852 ## - Местоположение
Сигнатура (форматна) К 5/Д 75
856 4# - Електронен адрес и достъп
Електронен формат pdf - файл
Път до файла (ресурса)
856 4# - Електронен адрес и достъп
Електронен формат pdf - файл
Път до файла (ресурса)
942 ## - АРТИКУЛИ
Вид на библиотечния документ Компактдискове
Скрит в OPAC Не
Периодичен библиозапис Да
Koha issues (borrowed), all copies 1
944 ## - СЪЗДАВАНЕ И РЕДАКЦИЯ на ЗАПИСА
Създаване/Редакция Създаване
Дата на регистрацията/редакция 19.10.2011
Служител, извършил регистрацията/редакцията 30542
Номер на служител Русанова Ирена
999 ## - СИСТЕМНИ КОНТРОЛНИ НОМЕРА
Koha biblionumber 223476
Koha biblioitemnumber 223476
999 ## - СИСТЕМНИ КОНТРОЛНИ НОМЕРА
Koha biblioitemnumber 223476
Наличности
Код за отписване Код за изгубен артикул Източник на класификационната схема Код за повреда Коз за рестрикции Код за отдаване Артикулен № Име на библиотеката - собственик Име на библиотеката, в която се намира в момента Статус (Текущо местоположение) Дата на вписване в системата Местоположение - отдел Цена в лева Инвентарен номер Систематично азбучна сигнатура Баркод Номер на екземпляра Цена в евро Служебна бележка Служебен тип на артикула
  Не е изгубен Universal Decimal Classification Не е повреден без рестрикции заемане за дома 395502 Регионална библиотека "Любен Каравелов" Русе Регионална библиотека "Любен Каравелов" Русе Отдел Изкуство - подръчен фонд 2011-10-19 Отдел Изкуство - подръчен фонд 10.00 250000004731 791.229/Д 75 250000004731 1 5.11 Дост: DA Вид: А N: 16 Дата: 19.10.2011 Съставил: Валя_Йорданова Компактдискове
  Не е изгубен   Не е повреден без рестрикции ползва се в читалня 395503 Регионална библиотека "Любен Каравелов" Русе Регионална библиотека "Любен Каравелов" Русе Краезнание 2011-10-19 Краезнание 10.00 250000004732 К 5/Д 75 250000004732 2 5.11 Дост: DA Вид: А N: 16 Дата: 19.10.2011 Съставил: Валя_Йорданова Компактдискове
Vip Innovations Ltd, Rousse, Bulgaria 2025